<?xml version="1.0" encoding="UTF-8"?><?xml-stylesheet type="text/xsl" href="static/style.xsl"?><OAI-PMH xmlns="http://www.openarchives.org/OAI/2.0/" xmlns:xsi="http://www.w3.org/2001/XMLSchema-instance" xsi:schemaLocation="http://www.openarchives.org/OAI/2.0/ http://www.openarchives.org/OAI/2.0/OAI-PMH.xsd"><responseDate>2026-04-14T16:53:05Z</responseDate><request verb="GetRecord" identifier="oai:uvadoc.uva.es:10324/902" metadataPrefix="marc">https://uvadoc.uva.es/oai/request</request><GetRecord><record><header><identifier>oai:uvadoc.uva.es:10324/902</identifier><datestamp>2025-02-19T13:26:35Z</datestamp><setSpec>com_10324_895</setSpec><setSpec>com_10324_931</setSpec><setSpec>com_10324_894</setSpec><setSpec>com_10324_1508</setSpec><setSpec>col_10324_898</setSpec><setSpec>col_10324_1584</setSpec></header><metadata><record xmlns="http://www.loc.gov/MARC21/slim" xmlns:doc="http://www.lyncode.com/xoai" xmlns:xsi="http://www.w3.org/2001/XMLSchema-instance" xmlns:dcterms="http://purl.org/dc/terms/" xsi:schemaLocation="http://www.loc.gov/MARC21/slim http://www.loc.gov/standards/marcxml/schema/MARC21slim.xsd">
<leader>00925njm 22002777a 4500</leader>
<datafield tag="042" ind1=" " ind2=" ">
<subfield code="a">dc</subfield>
</datafield>
<datafield tag="720" ind1=" " ind2=" ">
<subfield code="a">Álvarez Rodríguez, Ignacio</subfield>
<subfield code="e">author</subfield>
</datafield>
<datafield tag="260" ind1=" " ind2=" ">
<subfield code="c">2011</subfield>
</datafield>
<datafield tag="520" ind1=" " ind2=" ">
<subfield code="a">En la presente comunicación se pretende dar cuenta de las dos&#xd;
experiencias de innovación docente llevadas a cabo durante los cursos 2009-&#xd;
2010 y 2010-2011, bajo la técnica del aprendizaje colaborativo, implementada&#xd;
en la asignatura Libertades Públicas y Publicidad, adscrita al Área de Derecho&#xd;
Constitucional de la Universidad de Valladolid (campus de Segovia), y&#xd;
encuadrada en el Plan de Estudios de la Licenciatura de Publicidad y&#xd;
Relaciones Públicas, con cuatro créditos de optatividad a desarrollar en el&#xd;
primer cuatrimestre de ambos cursos académicos.</subfield>
</datafield>
<datafield tag="024" ind2=" " ind1="8">
<subfield code="a">Echebarría Sáenz, Joseba A. IV Congreso Nacional de Innovación en Ciencias Jurídicas: Coordinación y planificación en los estudios de derecho.Valladolid: Universidad de Valladolid, 2011, p.730-742</subfield>
</datafield>
<datafield tag="024" ind2=" " ind1="8">
<subfield code="a">978-84-694-8683-2</subfield>
</datafield>
<datafield tag="024" ind2=" " ind1="8">
<subfield code="a">http://uvadoc.uva.es/handle/10324/902</subfield>
</datafield>
<datafield ind1=" " ind2=" " tag="653">
<subfield code="a">Derecho constitucional - Estudio y enseñanza - Innovaciones</subfield>
</datafield>
<datafield ind1=" " ind2=" " tag="653">
<subfield code="a">Publicidad (Derecho) - Jurisprudencia</subfield>
</datafield>
<datafield ind1=" " ind2=" " tag="653">
<subfield code="a">Aprendizaje - Trabajo en equipo</subfield>
</datafield>
<datafield tag="245" ind1="0" ind2="0">
<subfield code="a">El aprendizaje Colaborativo versión 2.0: (Un análisis jurisprudencial realizado por futuros publicistas)</subfield>
</datafield>
</record></metadata></record></GetRecord></OAI-PMH>